| 000 | 00949nmm a2200325 a 4500 | ||
|---|---|---|---|
| 003 | AR-BaBNM | ||
| 005 | 20251128202808.0 | ||
| 008 | 117019s1946 ||||||||||||||000 | spa|| | ||
| 040 | _cAR-BaBNM | ||
| 100 | 1 | _aVedia y Mitre, Mariano de | |
| 245 | 1 | 0 |
_aHistoria general de las ideas políticas _bcon una introducción sobre la Teoría del Estado. 4 |
| 260 |
_aBuenos Aires _bKraft _c1946 |
||
| 300 | 0 |
_a427 p. _bil., láms. |
|
| 500 | 0 | _aIndice de nombres y materias p. 397-426. | |
| 600 | 1 | 4 | _aOccam, Guillermo de |
| 600 | 1 | 4 | _aPadua, Marsilio de |
| 600 | 0 | 4 |
_aTomás de Aquino _d1225?-1274 |
| 600 | 0 | 4 |
_aDante Alighieri _d1265-1321 |
| 650 | 4 | _aHISTORIA DE LAS IDEAS | |
| 650 | 4 | _aHISTORIA POLITICA | |
| 650 | 4 | _aCIENCIAS POLITICAS | |
| 650 | 4 | _aDERECHOS | |
| 650 | 4 | _aCRISTIANISMO | |
| 650 | 4 | _aESTADO | |
| 650 | 4 | _aDERECHOS DE LOS ESTADOS | |
| 650 | 4 | _aGOBIERNO | |
| 650 | 4 | _aPODER POLITICO | |
| 942 | _cBK | ||
| 998 | _cmariana | ||
| 999 |
_c611 _d611 |
||